Villes des Alpes-Maritimes par arrondissement - Statistiques

Statistiques générales
  • Ce quiz a été pris 55 fois
  • Le résultat moyen est 7 sur 10
Statistiques - réponses
Ville Population % Correct
Antibes 75 130
96%
Cannes 73 255
96%
Nice 348 085
90%
Grasse 48 323
88%
Menton 30 412
85%
Cagnes-sur-Mer 52 580
83%
Le Cannet 41 597
50%
Roquebrune-Cap-Martin 12 371
40%
Beausoleil 12 674
35%
La Trinité 10 276
33%
Aucun quiz correspondant
Distribution des résultats
% des personnes avec chaque résultat
Percentile par nombre de réponses
Votre historique - résultats
Vous n’avez pas pris ce quiz